000 00661nam a2200205 a 4500
001 21701
003 CO-ViMGA
008 141112s2004 ck r 000 u spa d
020 _a8426133037
040 _aCO-ViMGA
_bspa
_cCO-ViMGA
082 0 4 _aABEn
100 1 _aAbedi, Isabel; Neuendorf, Silvio
_930974
245 1 0 _aNo quiero verte más
260 _aBarcelona :
_bJuventud,
_c2003
300 _a52
590 _aForma de adquisición : Donación fact. 8858 - - Precio : 57600 - - Proveedor : Fundación exito - - Fecha de adquisición : Junio 2007
650 1 4 _aAMISTAD - CUENTOS
_92467
650 1 4 _aCUENTOS INFANTILES ALBUMES
_930975
942 _2ddc
_cBK
999 _c30264
_d30264